000 01044nam0a22003011 4500
001 rc\4476235
005 20130416165925.4
021 _aRU
_b[60-80909]
035 _a(NLR Aleph) 008599347
090 _a8693957
_c8693957
100 _a20130416d1960 |||y0rusy50 ca
101 0 _arus
102 _aRU
105 _ay z |||||
200 1 _aНавозно-земляные компосты
_fВсесоюз. о-во по распространению полит. и науч. знаний
210 _aМосква
_cЗнание
_d1960
215 _a48 с.
_d22
225 1 _aСерия 12. Библиотечка сельского лектора
_v23
300 _aПеред загл. авт.: канд. с.-х. наук П.И. Кралин
320 _aБиблиогр.: с. 47
606 _aКомпост
_2psbo
606 _aНавоз
_2psbo
700 1 _aКралин
_bП. И.
_gПавел Иванович
801 0 _aRU
_bNLR
_gpsbo
801 1 _aRU
_bELAR
_2rusmarc
852 _aNLR
_j60-6/9398
942 _cBOOK
980 _aNB